Význam výkazu ziskov a strát ako zdroja informácií o výnosnosti bakalárska práca

Uložené v:
Podrobná bibliografia
Hlavný autor: Kandlerová, Zuzana
Korporativný autor: Fakulta hospodárskej informatiky EU. Katedra účtovníctva a audítorstva
Ďalší autori: Kucková, Alena
Médium: Kniha
Jazyk:Slovak
Vydavateľské údaje: Bratislava 2009
Tagy: Pridať tag
Žiadne tagy, Buďte prvý, kto otaguje tento záznam!

MARC

LEADER 00000nam$a2200000$$$4500
001 0096272
005 20240318135055.1
041 0 |a slo 
044 |a SK 
245 1 0 |a Význam výkazu ziskov a strát ako zdroja informácií o výnosnosti  |b bakalárska práca  |c Zuzana Kandlerová ; škol. Alena Kucková 
264 1 |a Bratislava  |c 2009 
300 |a 36 s. 
100 1 |a Kandlerová, Zuzana 
700 1 |a Kucková, Alena 
710 2 |a Fakulta hospodárskej informatiky EU. Katedra účtovníctva a audítorstva